La Diputación Provincial en la Fiesta de la Banderita
Publicado:
San Jorge, núm. 88 (4t trimestre 1972), pàg 82 :
MARC
| LEADER | 00000nam a2200000Ia 4500 | ||
|---|---|---|---|
| 001 | |||
| 008 | 160829s9999 xx 000 0 cat d | ||
| 245 | |a La Diputación Provincial en la Fiesta de la Banderita | ||
| 260 | |a San Jorge, núm. 88 (4t trimestre 1972), pàg 82 | ||
| 610 | 2 | 0 | |a Creu Roja Espanyola |9 55245 |
| 650 | |a Festa de la bandereta |9 21295 | ||
| 901 | |a Arxiu | ||
| 942 | |n 1 | ||
| 952 | |0 0 |1 0 |4 0 |7 1 |9 50385 |a Arxiu |b Arxiu |d 2016-12-01 |l 0 |r 2016-12-01 00:00:00 |w 2016-12-01 |y ARXIU | ||
| 999 | |c 54227 |d 54227 | ||